Statistics for UEFA Euro 1996 Results

Click here to take the quiz!

General Stats

  • This quiz has been taken 35 times
  • The average score is 15 of 16

Answer Stats

Answer % Correct
Germany
100%
England
100%
Portugal
100%
Spain
100%
France
96%
Italy
96%
Netherlands
96%
Denmark
93%
Russia
93%
Scotland
93%
Bulgaria
89%
Croatia
89%
Czech Republic
89%
Romania
89%
Switzerland
89%
Turkey
81%

Score Distribution

Percentile by Number Answered

Percent of People with Each Score

Your Score History

You have not taken this quiz